Geography Quiz

Random Geography or World Quiz

Peanut Producing Countries Quiz Stats

 Plays Quiz Updated Apr 2, 2018

Score 0/20 Timer 04:00
0 Plays Today
Rank Country % Correct
4.United States
97.2%
1.China
92.5%
17.Brazil
86.9%
2.India
85.7%
7.Argentina
72.3%
6.Indonesia
62%
20.Egypt
57%
11.Vietnam
55.8%
13.Niger
53.9%
3.Nigeria
53.4%
Rank Country % Correct
12.Democratic Republic of Congo
44.2%
8.Sudan
42.4%
14.Chad
42.4%
15.Mali
37.8%
9.Cameroon
33.4%
5.Myanmar
32.5%
10.Senegal
27.3%
19.Burkina Faso
22.8%
18.Guinea
22.5%
16.Malawi
14.1%

You're not logged in!

Compare scores with friends on all Sporcle quizzes.
OR
Log In

Sporcle TV

Today on Sporcle TV


Watch our educational content, quiz creation guides, and fun videos on Sporcle TV.

Show Comments

Extras

Top Quizzes Today


Score Distribution

Your Account Isn't Verified!

In order to create a playlist on Sporcle, you need to verify the email address you used during registration. Go to your Sporcle Settings to finish the process.

Report this User

Report this user for behavior that violates our Community Guidelines.

Details: